000 00436nab a2200145Ia 4500
003 ES-SlBCS
005 20210601131733.0
008 140529s1952 xxu||||| |||| 00| 0 fre d
041 _afre
100 1 _aFonlupt-Esperaber, Jacques
_9188433
245 0 0 _aExamen de conscience sur la Tunisie
_c Jacques Fonlupt-Esperaber
651 4 _aTúnez
_9170629
773 0 _tVie Intelectuelle (La)
_gnº. 5, 1952, págs. 74-80
_wRev907
942 _cAR
999 _c567916
_d567916